[Event "Skovbo GM"]
[Site "Borup"]
[Date "2012.09.14"]
[Round "1"]
[White "Andersen, Troels Baekgaard"]
[Black "Marthedal, Anton Mehmet Yildiz"]
[Result "1-0"]
[WhiteElo "1771"]
[BlackElo "1352"]
[PlyCount "65"]
[EventDate "2012.09.14"]
[EventType "swiss"]
[EventRounds "9"]
[EventCountry "DEN"]
[Source "ChessBase"]
[SourceDate "2012.10.19"]

1. d4 d5 2. Nf3 g6 3. c4 c6 4. e3 Bg7 5. Nc3 Nf6 6. cxd5 cxd5 7. Bd3 Nc6 8. O-O
O-O 9. a3 a5 10. b3 Bd7 11. Bb2 e6 12. Rc1 Bh6 13. Re1 Re8 14. Rc2 Ne7 15. Nb5
Qb6 16. Nc7 Qxb3 17. Rd2 Qb6 18. Nxa8 Rxa8 19. Ne5 Bb5 20. Qb3 Ne4 21. Rdd1 Nd6
22. a4 Nec8 23. Bxb5 Nxb5 24. Qxb5 Qxb5 25. axb5 Nd6 26. b6 Ra6 27. Ba3 Nc8 28.
Nd7 Nxb6 29. Nxb6 Rxb6 30. Rb1 Rc6 31. Rec1 Rd6 32. Rc8+ Kg7 33. Bxd6 1-0

[Event "Skovbo GM"]
[Site "Borup"]
[Date "2012.09.14"]
[Round "1"]
[White "Bejtovic, Jasmin"]
[Black "Zubarev, Alexander2"]
[Result "0-1"]
[WhiteElo "2390"]
[BlackElo "2590"]
[PlyCount "112"]
[EventDate "2012.09.14"]
[EventType "swiss"]
[EventRounds "9"]
[EventCountry "DEN"]
[Source "ChessBase"]
[SourceDate "2012.10.19"]

1. c4 e5 2. g3 Nf6 3. Bg2 d5 4. cxd5 Nxd5 5. Nc3 Ne7 6. Nf3 Nbc6 7. b4 a6 8.
Bb2 Nf5 9. O-O Nfd4 10. Nxd4 exd4 11. Nd5 Be6 12. Nf4 Bd7 13. e3 Bxb4 14. exd4
O-O 15. d5 Ne7 16. Ne6 fxe6 17. Qg4 Nf5 18. Qxb4 Bb5 19. dxe6 Bxf1 20. Rxf1 c6
21. Re1 Qe7 22. Qc3 Rad8 23. Ba3 Nd6 24. Qe5 Rf5 25. Qxf5 Nxf5 26. Bxe7 Nxe7
27. Rb1 b5 28. a4 g5 29. axb5 axb5 30. Rb2 Kg7 31. Bh3 Kf6 32. f3 Rd4 33. Kf2
b4 34. Ke2 h5 35. Rb1 g4 36. fxg4 hxg4 37. Bg2 Kxe6 38. d3 c5 39. Be4 Nd5 40.
Bxd5+ Rxd5 41. Ke3 Kd6 42. Rf1 Re5+ 43. Kd2 Rh5 44. Rf4 Rxh2+ 45. Kc1 b3 46.
Rxg4 Rc2+ 47. Kb1 Rd2 48. Rg8 Kc7 49. Rg5 Kc6 50. d4 Rxd4 51. Kb2 Rd3 52. Rg8
Kb5 53. Ka3 Kc4 54. Rg4+ Rd4 55. Rg5 Rd2 56. Rg4+ Kc3 0-1

[Event "Skovbo GM"]
[Site "Borup"]
[Date "2012.09.14"]
[Round "1"]
[White "Bintzik, Bernhard"]
[Black "Yildiz, Hasan"]
[Result "1-0"]
[WhiteElo "1970"]
[BlackElo "2051"]
[PlyCount "91"]
[EventDate "2012.09.14"]
[EventType "swiss"]
[EventRounds "9"]
[EventCountry "DEN"]
[Source "ChessBase"]
[SourceDate "2012.10.19"]

1. Nf3 d6 2. d4 Nf6 3. c4 g6 4. Nc3 Bg7 5. e4 O-O 6. h3 c5 7. Be3 Qa5 8. Qd2
cxd4 9. Nxd4 Nc6 10. Rd1 Bd7 11. Be2 a6 12. O-O Nxd4 13. Bxd4 Rfe8 14. f3 Nh5
15. Bxg7 Kxg7 16. Qd4+ f6 17. c5 Rad8 18. cxd6 Qg5 19. dxe7 Bxh3 20. Qf2 Rxd1
21. Rxd1 Nf4 22. g3 Be6 23. Bf1 Rxe7 24. Bg2 Nh5 25. Kh2 Rc7 26. f4 Qg4 27. Qf3
b5 28. Qxg4 Bxg4 29. Rd2 Kf7 30. Bh3 Bxh3 31. Kxh3 Ng7 32. a3 Ne6 33. Kg2 Rc4
34. Rd7+ Ke8 35. Rxh7 g5 36. Nd5 Rc2+ 37. Kf3 gxf4 38. gxf4 Rxb2 39. Re7+ Kf8
40. Rxe6 Rb3+ 41. Kg4 Rxa3 42. Kf5 a5 43. Kxf6 Rh3 44. f5 a4 45. Nf4 Rg3 46.
Ng6+ 1-0

[Event "Skovbo GM"]
[Site "Borup"]
[Date "2012.09.14"]
[Round "1"]
[White "Brondum, Jan Kraul"]
[Black "Andersen, Daniel"]
[Result "1/2-1/2"]
[WhiteElo "1625"]
[BlackElo "1890"]
[PlyCount "60"]
[EventDate "2012.09.14"]
[EventType "swiss"]
[EventRounds "9"]
[EventCountry "DEN"]
[Source "ChessBase"]
[SourceDate "2012.10.19"]

1. e4 c5 2. c3 d5 3. Bb5+ Bd7 4. Bxd7+ Qxd7 5. exd5 Qxd5 6. Qf3 Qd7 7. Na3 Nc6
8. Qg3 Nf6 9. Nc2 e5 10. b3 O-O-O 11. Qh3 Qxh3 12. Nxh3 e4 13. O-O Ne5 14. Ne1
Nd3 15. Ng5 Rd7 16. f3 exf3 17. Nxd3 Rxd3 18. Rxf3 Rxf3 19. Nxf3 Bd6 20. c4 Nd7
21. Bb2 f6 22. Re1 Rd8 23. Re6 Nf8 24. Re4 Ng6 25. d4 cxd4 26. Bxd4 b6 27. Kf2
Kc7 28. g3 Kc6 29. Be3 a5 30. Nd4+ Kd7 1/2-1/2

[Event "Skovbo GM"]
[Site "Borup"]
[Date "2012.09.14"]
[Round "1"]
[White "Christophersen, David"]
[Black "Hansen, Janech"]
[Result "1-0"]
[WhiteElo "1839"]
[BlackElo "1599"]
[PlyCount "101"]
[EventDate "2012.09.14"]
[EventType "swiss"]
[EventRounds "9"]
[EventCountry "DEN"]
[Source "ChessBase"]
[SourceDate "2012.10.19"]

1. d4 Nf6 2. c4 g6 3. Nc3 Bg7 4. e4 O-O 5. Nf3 d6 6. h3 c5 7. d5 Nfd7 8. Bf4
Re8 9. Bd3 Na6 10. a3 Nc7 11. Qd2 b6 12. Bh6 Ne5 13. Nxe5 Bxe5 14. f4 Bd4 15.
Ne2 e6 16. Nxd4 Qh4+ 17. Kd1 Qxh6 18. Nf3 exd5 19. cxd5 Bg4 20. Kc2 Bd7 21. g4
b5 22. Rae1 c4 23. Be2 Rxe4 24. Ng5 Re7 25. Bf3 Rae8 26. Qa5 Qf8 27. Ne4 Kg7
28. Qxa7 b4 29. Qd4+ f6 30. g5 b3+ 31. Kc1 Rxe4 32. Rxe4 Nb5 33. gxf6+ Qxf6 34.
Qxf6+ Kxf6 35. Rxe8 Bxe8 36. Re1 Bf7 37. Rd1 g5 38. a4 Nc7 39. Rd4 gxf4 40.
Rxf4+ Ke7 41. Rxc4 Na6 42. Rh4 Bg6 43. Be4 Kf6 44. Bxg6 hxg6 45. Rh6 Nb4 46. a5
Nxd5 47. a6 Nc7 48. a7 Kg7 49. Rh4 d5 50. Ra4 Na8 51. Rb4 1-0

[Event "Skovbo GM"]
[Site "Borup"]
[Date "2012.09.14"]
[Round "1"]
[White "Danielsen, Henrik"]
[Black "Teplyi, Igor"]
[Result "1/2-1/2"]
[WhiteElo "2509"]
[BlackElo "2377"]
[PlyCount "88"]
[EventDate "2012.09.14"]
[EventType "swiss"]
[EventRounds "9"]
[EventCountry "DEN"]
[Source "ChessBase"]
[SourceDate "2012.10.19"]

1. g3 c5 2. Bg2 g6 3. c4 Bg7 4. Nc3 Nc6 5. e3 e6 6. Nge2 Nge7 7. d4 cxd4 8.
Nxd4 d5 9. cxd5 Nxd4 10. exd4 Nxd5 11. O-O O-O 12. Nxd5 exd5 13. Qb3 Be6 14.
Be3 Qd7 15. Rfc1 Rfc8 16. Qa3 a6 17. Qa5 h5 18. h4 Bf6 19. Kh2 Kh7 20. Qb6 Bd8
21. Qb4 Be7 22. Qd2 Rxc1 23. Rxc1 Rc8 24. a3 Bf6 25. Rxc8 Qxc8 26. Qb4 Qd7 27.
Bg5 Bg7 28. Bf4 Bf6 29. Bg5 Bg7 30. Bf1 Bf5 31. Be3 Kg8 32. Qb6 Be6 33. Bd3 Kh7
34. b4 Bf6 35. Bg5 Bxg5 36. hxg5 Qa4 37. Qd8 Qxa3 38. Bxg6+ Kxg6 39. Qf6+ Kh7
40. Qh6+ Kg8 41. g6 Qf3 42. Qh7+ Kf8 43. g7+ Ke7 44. g8=Q Qxf2+ 1/2-1/2

[Event "Skovbo GM"]
[Site "Borup"]
[Date "2012.09.14"]
[Round "1"]
[White "Hagen, Andreas Skytte"]
[Black "Jorgensen, Brian Jorgen"]
[Result "0-1"]
[WhiteElo "2422"]
[BlackElo "2244"]
[PlyCount "94"]
[EventDate "2012.09.14"]
[EventType "swiss"]
[EventRounds "9"]
[EventCountry "DEN"]
[Source "ChessBase"]
[SourceDate "2012.10.19"]

1. d4 e6 2. c4 f5 3. g3 Nf6 4. Bg2 d5 5. Nf3 c6 6. O-O Bd6 7. b3 Qe7 8. Ne5 O-O
9. Bb2 Nbd7 10. Nd2 Ne4 11. Ndf3 a5 12. Nd3 a4 13. Rc1 b6 14. Nfe5 Bxe5 15.
dxe5 axb3 16. axb3 Bb7 17. Qc2 c5 18. f3 Ng5 19. h4 dxc4 20. Nf4 Nf7 21. Qxc4
Rfe8 22. Rfd1 Nfxe5 23. Qc3 b5 24. Nh5 Ra2 25. Rc2 Qf7 26. Rcd2 b4 27. Qc1 Bd5
28. f4 Bxg2 29. Kxg2 Qxh5 30. Bxe5 Rxd2 31. Rxd2 Nxe5 32. fxe5 f4 33. Qxc5 Qg4
34. Qf2 fxg3 35. Qxg3 Qe4+ 36. Kh2 Rf8 37. e3 Rf3 38. Qg5 Rf8 39. Rg2 g6 40. h5
Rf5 41. Qd8+ Kg7 42. hxg6 Rh5+ 43. Kg1 Qxe3+ 44. Rf2 Qe1+ 45. Kg2 Qh1+ 46. Kg3
Qh3+ 47. Kf4 Rh4+ 0-1

[Event "Skovbo GM"]
[Site "Borup"]
[Date "2012.09.14"]
[Round "1"]
[White "Hansen, Henrik Damgaard"]
[Black "Hein, Jacob"]
[Result "1-0"]
[WhiteElo "1823"]
[BlackElo "1490"]
[PlyCount "93"]
[EventDate "2012.09.14"]
[EventType "swiss"]
[EventRounds "9"]
[EventCountry "DEN"]
[Source "ChessBase"]
[SourceDate "2012.10.19"]

1. e4 d6 2. d4 Nf6 3. Bd3 Nc6 4. Ne2 g6 5. O-O Bg7 6. c4 e5 7. d5 Ne7 8. Nbc3
Bd7 9. h3 c6 10. f4 Qc8 11. fxe5 dxe5 12. d6 Neg8 13. c5 Bxh3 14. Bc4 Qg4 15.
Rf2 Nh6 16. Qd3 Nh5 17. Qxh3 Qxh3 18. gxh3 Rf8 19. Bd2 O-O-O 20. Raf1 Rd7 21.
b4 a6 22. Bxh6 Bxh6 23. Rxf7 Rdxf7 24. Rxf7 Rxf7 25. Bxf7 Kd7 26. Na4 b5 27.
Nb6+ Kd8 28. Kf2 Bd2 29. a3 a5 30. bxa5 Bxa5 31. Be6 Ng7 32. Bg8 h6 33. Bf7 b4
34. axb4 Bxb4 35. Na4 g5 36. Ng3 Kd7 37. Nf5 Nxf5 38. exf5 Bxc5+ 39. Nxc5+ Kxd6
40. Ne4+ Ke7 41. Bg6 Kf8 42. Kf3 Kg7 43. Kg4 Kf8 44. f6 c5 45. Nxc5 Kg8 46. Kf5
e4 47. Ne6 1-0

[Event "Skovbo GM"]
[Site "Borup"]
[Date "2012.09.14"]
[Round "1"]
[White "Hansen, Lars Henrik Bech"]
[Black "Pedersen, Hans Dahl"]
[Result "1/2-1/2"]
[WhiteElo "2013"]
[BlackElo "2211"]
[PlyCount "31"]
[EventDate "2012.09.14"]
[EventType "swiss"]
[EventRounds "9"]
[EventCountry "DEN"]
[Source "ChessBase"]
[SourceDate "2012.10.19"]

1. e4 c5 2. Nf3 e6 3. d4 cxd4 4. Nxd4 a6 5. Bd3 Bc5 6. Nb3 Be7 7. O-O Qc7 8. f4
d6 9. Nc3 Nf6 10. Qe2 Nc6 11. a3 b5 12. g4 Nd7 13. Be3 Bb7 14. Qf2 O-O 15. g5
Rfe8 16. Qh4 1/2-1/2

[Event "Skovbo GM"]
[Site "Borup"]
[Date "2012.09.14"]
[Round "1"]
[White "Jacobsen, Mads Holger Bang"]
[Black "Wang, Peter"]
[Result "1/2-1/2"]
[WhiteElo "2046"]
[BlackElo "1971"]
[PlyCount "96"]
[EventDate "2012.09.14"]
[EventType "swiss"]
[EventRounds "9"]
[EventCountry "DEN"]
[Source "ChessBase"]
[SourceDate "2012.10.19"]

1. c4 Nf6 2. d4 g6 3. Nc3 Bg7 4. e4 d6 5. Nf3 O-O 6. Be2 e5 7. d5 Nbd7 8. Bg5
h6 9. Bh4 a5 10. Nd2 Nc5 11. O-O Bd7 12. b3 b6 13. a3 Qc8 14. b4 Nb7 15. f3 g5
16. Bf2 Re8 17. Nb3 Bf8 18. Be3 Be7 19. Qc2 Kg7 20. Rab1 Rg8 21. Nc1 Kf8 22.
Nd3 Nh5 23. Kh1 Nf4 24. Nf2 h5 25. g3 Ng6 26. Qd2 h4 27. Bxg5 Bxg5 28. Qxg5
hxg3 29. hxg3 Rh8+ 30. Kg1 Nf4 31. Qf6 Rg8 32. Qh6+ Ke8 33. Kh2 Ng6 34. Kg2
axb4 35. axb4 Ra3 36. Nfd1 Rh8 37. Qc1 Bh3+ 38. Kf2 Bxf1 39. Qxa3 Bxe2 40. Nxe2
f5 41. Qe3 f4 42. gxf4 Qh3 43. Ke1 exf4 44. Qf2 Ne5 45. Rb3 Qh1+ 46. Qg1 Nxc4
47. Rc3 b5 48. Nf2 Qxg1+ 1/2-1/2

[Event "Skovbo GM"]
[Site "Borup"]
[Date "2012.09.14"]
[Round "1"]
[White "Knudsen, Jes West"]
[Black "Stuhr, Finn"]
[Result "1-0"]
[WhiteElo "1892"]
[BlackElo "1657"]
[PlyCount "33"]
[EventDate "2012.09.14"]
[EventType "swiss"]
[EventRounds "9"]
[EventCountry "DEN"]
[Source "ChessBase"]
[SourceDate "2012.10.19"]

1. Nf3 b6 2. e4 g6 3. d4 Bb7 4. Nc3 Bg7 5. Be3 d6 6. Bc4 e6 7. O-O Ne7 8. Qd2
O-O 9. Bh6 Nd7 10. Bxg7 Kxg7 11. Ng5 Nf6 12. Rae1 Nc6 13. Bxe6 Qe7 14. Bb3 Rad8
15. Nd5 Qd7 16. Nxf6 Kxf6 17. Nxh7+ 1-0

[Event "Skovbo GM"]
[Site "Borup"]
[Date "2012.09.14"]
[Round "1"]
[White "Kokholm, Daniel"]
[Black "Sorensen, Dick"]
[Result "1/2-1/2"]
[WhiteElo "1914"]
[BlackElo "2041"]
[PlyCount "32"]
[EventDate "2012.09.14"]
[EventType "swiss"]
[EventRounds "9"]
[EventCountry "DEN"]
[Source "ChessBase"]
[SourceDate "2012.10.19"]

1. e4 c5 2. Nc3 Nc6 3. g3 d6 4. Bg2 g6 5. d3 Bg7 6. Be3 e6 7. Qd2 Nd4 8. Nd1 h5
9. h3 Ne7 10. c3 Ndc6 11. Nf3 Qc7 12. O-O b6 13. a3 a5 14. a4 Bb7 15. Ne1 O-O-O
16. f4 Kb8 1/2-1/2

[Event "Skovbo GM"]
[Site "Borup"]
[Date "2012.09.14"]
[Round "1"]
[White "Kristiansen, Jens"]
[Black "Larsen, Karsten"]
[Result "0-1"]
[WhiteElo "2430"]
[BlackElo "2288"]
[PlyCount "108"]
[EventDate "2012.09.14"]
[EventType "swiss"]
[EventRounds "9"]
[EventCountry "DEN"]
[Source "ChessBase"]
[SourceDate "2012.10.19"]

1. e4 c6 2. d4 d5 3. Nd2 g6 4. e5 Bg7 5. f4 h5 6. Bd3 Nh6 7. Ndf3 Bf5 8. Ne2 e6
9. O-O Nd7 10. h3 Bf8 11. Be3 Be7 12. b3 Qa5 13. c4 Qa6 14. Bf2 Nb6 15. Bxf5
Nxf5 16. c5 Nd7 17. Qc2 b6 18. b4 h4 19. a4 O-O 20. Rfc1 Rfb8 21. Rab1 b5 22.
Qd3 Qc8 23. axb5 Rxb5 24. Nc3 Rb7 25. b5 Rab8 26. bxc6 Qxc6 27. Ra1 Qc7 28. Qa6
Nxc5 29. dxc5 Bxc5 30. Nxd5 Bxf2+ 31. Kxf2 Rb2+ 32. Kg1 Qd8 33. Nf6+ Kg7 34.
Rd1 Rxg2+ 35. Kxg2 Ne3+ 36. Kh1 Nxd1 37. Qe2 Nc3 38. Qc4 Rc8 39. Qf1 Qb6 40.
Qe1 Qb7 41. Qe3 Qb2 42. Re1 a5 43. Nxh4 Rd8 44. Nf3 a4 45. Nd4 Nb5 46. Nxb5
Qxb5 47. h4 Rd3 48. Qe4 Qb3 49. Kg2 Rh3 50. Kf1 a3 51. Qa8 Qd3+ 52. Re2 Rf3+
53. Ke1 Qb1+ 54. Kd2 Rd3# 0-1

[Event "Skovbo GM"]
[Site "Borup"]
[Date "2012.09.14"]
[Round "1"]
[White "Lindgren, Philip"]
[Black "Mikkelsen, Nikolaj"]
[Result "0-1"]
[WhiteElo "2256"]
[BlackElo "2425"]
[PlyCount "120"]
[EventDate "2012.09.14"]
[EventType "swiss"]
[EventRounds "9"]
[EventCountry "DEN"]
[Source "ChessBase"]
[SourceDate "2012.10.19"]

1. d4 Nf6 2. c4 Nc6 3. Nf3 e6 4. g3 d5 5. Bg2 dxc4 6. Qa4 Bb4+ 7. Bd2 Nd5 8.
Bxb4 Ndxb4 9. Na3 a6 10. Ne5 Bd7 11. Nxc6 Bxc6 12. Qxb4 Bxg2 13. Rg1 Bc6 14.
Qxc4 Qf6 15. f3 Qh6 16. Rh1 O-O 17. Kf2 Rad8 18. Rad1 Rd7 19. Qc3 e5 20. Nc4 e4
21. Ne5 Rd6 22. Nxc6 Rxc6 23. Qe3 Qxe3+ 24. Kxe3 exf3 25. exf3 Re8+ 26. Kd3
Rce6 27. Rhf1 Kf8 28. Rf2 Rd8 29. Rc1 Rd7 30. Rd2 Ke8 31. b4 Rde7 32. f4 Re3+
33. Kc2 Kd7 34. Kb2 Kd6 35. Rc5 R7e4 36. a3 Re2 37. Rcc2 Rxd2 38. Rxd2 Kd5 39.
Kc3 b5 40. Rd3 Re2 41. Rd1 f6 42. Rc1 Rxh2 43. Kd3 Rg2 44. Rc5+ Kd6 45. Ke4
Rxg3 46. Rd5+ Kc6 47. Rc5+ Kb7 48. Kd5 Re3 49. f5 h5 50. Rc1 h4 51. Rg1 Rg3 52.
Rh1 h3 53. Ke6 Rxa3 54. d5 Kb6 55. Rc1 Rd3 56. Rc6+ Kb7 57. Rc2 Kc8 58. Ra2 Rd4
59. Rxa6 Rxb4 60. Kf7 Rg4 0-1

[Event "Skovbo GM"]
[Site "Borup"]
[Date "2012.09.14"]
[Round "1"]
[White "Miezis, Normunds"]
[Black "Jepson, Christian"]
[Result "1/2-1/2"]
[WhiteElo "2574"]
[BlackElo "2388"]
[PlyCount "135"]
[EventDate "2012.09.14"]
[EventType "swiss"]
[EventRounds "9"]
[EventCountry "DEN"]
[Source "ChessBase"]
[SourceDate "2012.10.19"]

1. c4 e6 2. e4 d5 3. exd5 exd5 4. d4 Nf6 5. Nc3 Bb4 6. Bd3 O-O 7. Nge2 h6 8.
cxd5 Nxd5 9. O-O Nc6 10. Bc2 Nce7 11. Ng3 Nf6 12. Qd3 Bd6 13. Bb3 c6 14. h3 Be6
15. Bxe6 fxe6 16. Nce2 Qd7 17. Bd2 e5 18. Bc3 exd4 19. Bxd4 Nfd5 20. Rad1 Nf5
21. Nxf5 Qxf5 22. Qb3 Rf7 23. Ng3 Qg6 24. Qd3 Qxd3 25. Rxd3 Re8 26. a3 a5 27.
Rfd1 Rfe7 28. Kf1 g6 29. R3d2 Bxg3 30. fxg3 Ne3+ 31. Bxe3 Rxe3 32. g4 Kg7 33.
Kf2 R3e5 34. Kg3 R8e7 35. Kh2 Rf7 36. Rc2 Rfe7 37. Rd3 Re3 38. Rdd2 Kf7 39. Kg1
R3e5 40. Kf2 Ke6 41. Rd8 Kf6 42. Rcd2 Rb5 43. Kg3 g5 44. Kh2 Kg7 45. R8d6 Rb3
46. Rf2 Rf7 47. Re2 Rf6 48. Re7+ Rf7 49. Re2 Rf6 50. Rdd2 Rf1 51. Re5 a4 52.
Ra5 Rf4 53. Ra8 c5 54. Rc8 b6 55. Kg1 Rf7 56. Rc6 Rf6 57. Rd7+ Rf7 58. Rdd6
Rxb2 59. Rg6+ Kf8 60. Rxb6 Rxb6 61. Rxb6 Kg7 62. Rc6 Rd7 63. Rxc5 Rd3 64. Rc7+
Kg6 65. Rc6+ Kg7 66. Rc7+ Kg6 67. Rc6+ Kg7 68. Rc7+ 1/2-1/2

[Event "Skovbo GM"]
[Site "Borup"]
[Date "2012.09.14"]
[Round "1"]
[White "Molvig, Henrik"]
[Black "Hubka, Roland"]
[Result "1/2-1/2"]
[WhiteElo "2198"]
[BlackElo "2000"]
[PlyCount "40"]
[EventDate "2012.09.14"]
[EventType "swiss"]
[EventRounds "9"]
[EventCountry "DEN"]
[Source "ChessBase"]
[SourceDate "2012.10.19"]

1. d4 g6 2. c4 Bg7 3. Nc3 c5 4. Nf3 cxd4 5. Nxd4 Nc6 6. e3 Qb6 7. Nd5 Qd8 8.
Nb5 Be5 9. Be2 a6 10. Nbc3 e6 11. Nf4 b6 12. Qd2 f5 13. b3 Nh6 14. Ba3 Qf6 15.
Bb2 Qg7 16. Na4 Rb8 17. Nd3 Bxb2 18. Qxb2 Qxb2 19. Naxb2 Nf7 20. Rc1 d6 1/2-1/2

[Event "Skovbo GM"]
[Site "Borup"]
[Date "2012.09.14"]
[Round "1"]
[White "Nielsen, Jens Holm"]
[Black "Andersen, Bjarne Hjorth"]
[Result "1/2-1/2"]
[WhiteElo "1903"]
[BlackElo "2035"]
[PlyCount "101"]
[EventDate "2012.09.14"]
[EventType "swiss"]
[EventRounds "9"]
[EventCountry "DEN"]
[Source "ChessBase"]
[SourceDate "2012.10.19"]

1. Nc3 d5 2. e4 Nf6 3. exd5 Nxd5 4. Bc4 Nb6 5. Bb3 Nc6 6. Nf3 Bf5 7. Qe2 e6 8.
O-O Be7 9. d3 O-O 10. h3 Re8 11. Ne4 h6 12. c3 Nd5 13. Ba4 Bd6 14. d4 Qd7 15.
Ne5 Bxe5 16. dxe5 Nb6 17. Rd1 Qe7 18. Bxc6 bxc6 19. Ng3 Bg6 20. Be3 Red8 21.
Rxd8+ Rxd8 22. Rd1 Rd5 23. Rxd5 cxd5 24. Qb5 Qd7 25. Qc5 a6 26. b3 Nc8 27. b4
c6 28. a4 Bc2 29. a5 Bd3 30. Qd4 Bg6 31. Ne2 Qb7 32. Nf4 Ne7 33. Qb6 Qc8 34.
Bc5 Nf5 35. Bd6 Bh7 36. Bc7 Ne7 37. Ne2 Bd3 38. Nd4 Bb5 39. Bd6 Nf5 40. Nxf5
exf5 41. Qa7 Qe8 42. Be7 Kh7 43. Qc7 Kg8 44. f4 Kh7 45. Kf2 Kg8 46. Ke3 Kh7 47.
Kd4 Bf1 48. g3 Bxh3 49. Kc5 Bf1 50. Qd8 Qxd8 51. Bxd8 1/2-1/2

[Event "Skovbo GM"]
[Site "Borup"]
[Date "2012.09.14"]
[Round "1"]
[White "Olsen, Michael Richard W"]
[Black "Rhee, Alexander H"]
[Result "0-1"]
[WhiteElo "1997"]
[BlackElo "2183"]
[PlyCount "84"]
[EventDate "2012.09.14"]
[EventType "swiss"]
[EventRounds "9"]
[EventCountry "DEN"]
[Source "ChessBase"]
[SourceDate "2012.10.19"]

1. e4 c5 2. Nf3 e6 3. d4 cxd4 4. Nxd4 a6 5. c4 Nf6 6. e5 Qa5+ 7. Nc3 Qxe5+ 8.
Be3 Nc6 9. Be2 Bc5 10. Nf3 Qd6 11. Qxd6 Bxd6 12. a3 Bc7 13. O-O Ng4 14. Bd2 f6
15. b4 Nce5 16. h3 Nxf3+ 17. gxf3 Nh6 18. Bd3 Nf7 19. f4 f5 20. Rfe1 Kf8 21. c5
g5 22. Ne2 Rg8 23. fxg5 Ne5 24. f4 Nxd3 25. Reb1 b5 26. Rb3 Nxf4 27. Nxf4 Rxg5+
28. Kf2 Rg8 29. Rd3 Ke8 30. Re1 Kf7 31. a4 bxa4 32. Ra1 Ke7 33. Rxa4 Bb7 34.
Rda3 e5 35. Re3 Kf7 36. Rd3 Bc6 37. Nd5 Bxa4 38. Nxc7 Ra7 39. Nd5 Bc6 40. Ne3
Be4 41. Ra3 Raa8 42. Bc3 a5 0-1

[Event "Skovbo GM"]
[Site "Borup"]
[Date "2012.09.14"]
[Round "1"]
[White "Pedersen, Sven"]
[Black "Christensen, Casper"]
[Result "1-0"]
[WhiteElo "2121"]
[BlackElo "1995"]
[PlyCount "49"]
[EventDate "2012.09.14"]
[EventType "swiss"]
[EventRounds "9"]
[EventCountry "DEN"]
[Source "ChessBase"]
[SourceDate "2012.10.19"]

1. e4 d6 2. d4 g6 3. Nc3 Bg7 4. h3 e5 5. Nf3 Nd7 6. Bc4 Ne7 7. Be3 O-O 8. Qd2
Nb6 9. Be2 Nc6 10. Rd1 f5 11. dxe5 Nxe5 12. Nxe5 Bxe5 13. Bd4 Qe7 14. Bxe5 Qxe5
15. Qd4 Qxd4 16. Rxd4 fxe4 17. Rxe4 Bf5 18. Re7 Rf7 19. Rxf7 Kxf7 20. Kd2 d5
21. Nb5 c5 22. Nd6+ Ke6 23. Nxb7 Nd7 24. g4 Be4 25. f3 1-0

[Event "Skovbo GM"]
[Site "Borup"]
[Date "2012.09.14"]
[Round "1"]
[White "Percivaldi, Martin"]
[Black "Petersen, Nils"]
[Result "1-0"]
[WhiteElo "2041"]
[BlackElo "1958"]
[PlyCount "83"]
[EventDate "2012.09.14"]
[EventType "swiss"]
[EventRounds "9"]
[EventCountry "DEN"]
[Source "ChessBase"]
[SourceDate "2012.10.19"]

1. d4 Nf6 2. c4 e6 3. g3 Bb4+ 4. Bd2 c5 5. Bxb4 cxb4 6. Nf3 O-O 7. Bg2 d6 8.
O-O Qc7 9. Nbd2 e5 10. Qc2 Nc6 11. e3 exd4 12. Nxd4 Nxd4 13. exd4 d5 14. c5 Bd7
15. Rfe1 a5 16. Nf1 Rac8 17. Rac1 Rfe8 18. Ne3 Bc6 19. Qf5 Rcd8 20. Ng4 Nxg4
21. Qxg4 g6 22. h4 h6 23. h5 Rxe1+ 24. Rxe1 Qd7 25. Qf4 Kh7 26. hxg6+ fxg6 27.
Qe5 Qg7 28. Qe7 Rd7 29. Qe3 Rd8 30. Qd3 Qf7 31. f4 Bd7 32. Re5 Bc6 33. f5 Kg7
34. fxg6 Qf6 35. Qe3 Rd7 36. Bh3 Rc7 37. Re6 Qg5 38. Kf2 Qxe3+ 39. Kxe3 Rc8 40.
Kf4 Rf8+ 41. Bf5 Kg8 42. Re7 1-0

[Event "Skovbo GM"]
[Site "Borup"]
[Date "2012.09.14"]
[Round "1"]
[White "Preuss, Flemming"]
[Black "Eriksson, Christian Altenburg"]
[Result "0-1"]
[WhiteElo "1990"]
[BlackElo "2118"]
[PlyCount "78"]
[EventDate "2012.09.14"]
[EventType "swiss"]
[EventRounds "9"]
[EventCountry "DEN"]
[Source "ChessBase"]
[SourceDate "2012.10.19"]

1. f4 c5 2. Nf3 Nc6 3. e4 g6 4. d3 Bg7 5. g3 d6 6. Bg2 Bg4 7. O-O Qd7 8. Nc3
Nd4 9. Be3 h5 10. Qd2 Bxf3 11. Bxf3 h4 12. Qg2 hxg3 13. hxg3 Nh6 14. Nd1 Ng4
15. Bxg4 Qxg4 16. Rf2 Rh3 17. Kf1 Rxg3 18. Qh1 Rh3 19. Qg2 Qh5 20. Ke1 Nf3+ 21.
Rxf3 Qxf3 22. Qxf3 Rxf3 23. Ke2 Rh3 24. Nf2 Rh2 25. c3 Bf6 26. Rg1 O-O-O 27. d4
cxd4 28. cxd4 Bh4 29. d5 Kb8 30. Kf3 Bxf2 31. Bxf2 Rc8 32. Bd4 Rc4 33. Rd1 b5
34. a3 a5 35. e5 Rh3+ 36. Kg4 Rh5 37. Rd3 dxe5 38. fxe5 Rxe5 39. b3 Re4+ 0-1

[Event "Skovbo GM"]
[Site "Borup"]
[Date "2012.09.14"]
[Round "1"]
[White "Rostgaard, Tobias Valentin"]
[Black "Sriram, Jha"]
[Result "0-1"]
[WhiteElo "2227"]
[BlackElo "2422"]
[PlyCount "74"]
[EventDate "2012.09.14"]
[EventType "swiss"]
[EventRounds "9"]
[EventCountry "DEN"]
[Source "ChessBase"]
[SourceDate "2012.10.19"]

1. d4 d5 2. c4 c6 3. Nf3 Nf6 4. e3 Bf5 5. Nc3 e6 6. Nh4 Be4 7. f3 Bg6 8. Qb3
Qc7 9. Bd2 Be7 10. cxd5 cxd5 11. Be2 Nc6 12. O-O-O O-O 13. Nxg6 hxg6 14. Kb1
Na5 15. Qa4 Nc4 16. Bxc4 dxc4 17. e4 Rfd8 18. Be3 a6 19. g4 b5 20. Qc2 Rab8 21.
e5 Nd5 22. Nxd5 exd5 23. h4 Qb6 24. h5 b4 25. hxg6 fxg6 26. Qh2 b3 27. Rde1
bxa2+ 28. Ka1 c3 29. Bc1 Bh4 30. Re2 g5 31. f4 Qxd4 32. fxg5 Qd3 33. Kxa2 Rb5
34. Rc2 cxb2 35. Bxb2 Rdb8 36. Rhc1 Ra5+ 37. Kb1 Rxb2+ 0-1

[Event "Skovbo GM"]
[Site "Borup"]
[Date "2012.09.14"]
[Round "1"]
[White "Semcesen, Daniel"]
[Black "Carstensen, Jacob"]
[Result "1-0"]
[WhiteElo "2466"]
[BlackElo "2363"]
[PlyCount "61"]
[EventDate "2012.09.14"]
[EventType "swiss"]
[EventRounds "9"]
[EventCountry "DEN"]
[Source "ChessBase"]
[SourceDate "2012.10.19"]

1. d4 Nf6 2. c4 e6 3. Nc3 Bb4 4. Qc2 O-O 5. e4 d5 6. e5 Ne4 7. a3 Bxc3+ 8. bxc3
c5 9. Bb2 cxd4 10. cxd4 Qa5+ 11. Ke2 Bd7 12. f3 Ba4 13. Qd3 Bb3 14. Rc1 Bxc4
15. Rxc4 dxc4 16. Qxe4 Nd7 17. Kf2 Rac8 18. Ne2 c3 19. Bc1 b5 20. Nf4 Rfd8 21.
Bd3 Nf8 22. d5 exd5 23. Nxd5 Rd7 24. Rd1 Rc5 25. Nf6+ gxf6 26. Qg4+ Kh8 27. Bh6
Ne6 28. Qf5 Rxd3 29. Rxd3 Qc7 30. Qxf6+ Kg8 31. f4 1-0

[Event "Skovbo GM"]
[Site "Borup"]
[Date "2012.09.14"]
[Round "1"]
[White "Smith, Axel"]
[Black "Nilssen, John Arni"]
[Result "1/2-1/2"]
[WhiteElo "2503"]
[BlackElo "2372"]
[PlyCount "101"]
[EventDate "2012.09.14"]
[EventType "swiss"]
[EventRounds "9"]
[EventCountry "DEN"]
[Source "ChessBase"]
[SourceDate "2012.10.19"]

1. Nf3 Nf6 2. g3 c5 3. c4 b6 4. Bg2 Bb7 5. O-O e6 6. Nc3 a6 7. d4 cxd4 8. Qxd4
Nc6 9. Qf4 Ne7 10. Ne5 Bxg2 11. Kxg2 Ra7 12. Rd1 Qa8+ 13. Qf3 Qxf3+ 14. Kxf3
Nc8 15. Be3 Bc5 16. Bxc5 bxc5 17. Nd3 d6 18. b4 cxb4 19. Nxb4 Nd7 20. Ne4 a5
21. Nd3 Rc7 22. Rdc1 Ke7 23. Rab1 f5 24. Nd2 Ncb6 25. c5 dxc5 26. Nxc5 Rhc8 27.
Nd3 Rc3 28. Rxc3 Rxc3 29. Rb3 Rc2 30. Rb2 Ne5+ 31. Kg2 Nxd3 32. Rxb6 Rxd2 33.
exd3 Rxd3 34. Rb2 g5 35. Rb7+ Kf6 36. Rxh7 Ra3 37. h4 g4 38. h5 Rxa2 39. Ra7
Kg5 40. Ra6 Kxh5 41. Rxe6 Kg5 42. Ra6 f4 43. gxf4+ Kxf4 44. Rf6+ Ke5 45. Rg6
Kf5 46. Rh6 Ra3 47. Rc6 Ra4 48. Rc5+ Ke4 49. Kg3 Kd3 50. Re5 Kd2 51. Kh4
1/2-1/2